00641nam a2200229 a 450000100060000000300080000600500170001400800410003103500190007203500110009104000320010204100080013408200260014208200150016810000250018324500490020826000310025730000270028850400510031565000150036665000300038141677BD-RjUL20211209053431.0160605s1962 enk b 001 0 eng d a(BD-RjUL)41795 a880536 aNUNbengcNUNdAKdSUAdNUN aeng04a335.5223 bJAS 1962 04a335.5/2211 aJay, Douglas,d1907-10aSocialism in the new society /cDouglas Jay. aLondon :bLongmans,c1962. aviii, 414 p. ;c23 cm. aIncludes bibliographical references and index. 0aSocialism. 0aSocialismzGreat Britain.